Comparative economic systems: models and cases

Αποθηκεύτηκε σε:
Λεπτομέρειες βιβλιογραφικής εγγραφής
Κύριος συγγραφέας: Bornstein, Morris (Συγγραφέας)
Μορφή: Βιβλίο
Γλώσσα:Αγγλικά
Έκδοση: Homewood Richard D. Irwin 1965
Σειρά:Irwin Series in Economics
Θέματα:
Ετικέτες: Προσθήκη ετικέτας
Δεν υπάρχουν, Καταχωρήστε ετικέτα πρώτοι!

MARC

LEADER 00000nam a2200000 a 4500
001 UCR7868
003 CL-VaPUC
008 980519e19650000US |||||||||||||||||eng|d
082 0 4 |a 330.12  |b BOR  |2 21 
100 0 |a Bornstein, Morris  |e author  |9 409371 
245 1 0 |a Comparative economic systems: models and cases 
300 |a 464 p 
942 |c BK 
945 |d 19980519 00:00:00  |a crobeson 
260 |a Homewood  |b Richard D. Irwin  |c 1965 
650 0 |a Economía   |9 255568 
650 7 |a SISTEMAS ECONOMICOS  |2 CL-VaPUC  |9 409372 
650 7 |a ESTUDIO COMPARATIVO  |2 CL-VaPUC  |9 321392 
583 |a last modification  |c 19980519 00:00:00  |k Rodrigo Vera 
490 0 |a Irwin Series in Economics 
999 |c 269447  |d 269445